000 00732nam a22002417a 4500
003 dpl
005 20180711121056.0
008 180602b xxu||||| |||| 00| 0 eng d
010 _aB-217667
020 _a8188583979
_c700.00
035 _aB-217667, B-217664
037 _bBPPD/PUB
040 _c0
082 1 4 _a370.3078
100 _aPathak, G. P.
245 1 _aEducation and communication technology
_cby G. P. Pathak
260 _aDelhi
_bReference Press
_c2005
270 _a4831/24, Ansari Road, Darya Ganj
_bDelhi
_e110002
300 _avii, 328p. :
_c22 cm. (Hb.)
500 _aBibliographical References and Index
650 0 _aEducation
942 _adpl
_cEN
_k371.3078 / PAT
_2ddc
_h371.3078
_mPAT
999 _c152508
_d152508